000 00559nam a22001337a 4500
008 131219b xxu||||| |||| 00| 0 eng d
050 _aB802.I87 2013
100 _aIsrael, Jonathan Irvine
_95956
245 _aDemocratic enlightenment
_bphilosophy, revolution, and human rights 1750-1790
_c Jonathan Irvine Israel
260 _aOxford
_bOxford University Press
_c2013
300 _axii, 1066p. ;
_c29cm.
650 _2Enlightenment
_xDemocracy
_x History
_xPhilosophy Modern
_xIntellectual life
_y1648 - 1789
_y18th century
_zEurope
_95957
942 _2lcc
_cMONOGRAPH
999 _c119352
_d119352